| 000 | 01294cad a22002415a 4500 | ||
|---|---|---|---|
| 001 | E147001 | ||
| 008 | 090323s2009 xxu f 000 0 eng d | ||
| 035 | _a(Sirsi) u147001 | ||
| 041 | 0 | _aeng | |
| 050 | 0 | 4 | _a333.33 $2 18 |
| 100 | 1 | _aBillingsley, Alan | |
| 245 | 0 | 0 |
_a2009 US real estate investment outlook and market perspective _h[electronic resource] |
| 260 |
_aSan Francisco _bRREEF Research _c2009 |
||
| 490 | 0 |
_aRREEF Research _v(68) February 2009 |
|
| 520 | _aSuggests that the US economy is in a very difficult situation and predicts that it will deteriorate further in 2009. Forecasts economic output to fall for at least four consecutive quarters and annual GDP to reduce further in 2009 than in any year since 1946. Predicts that the recession will probably last a minimum of six quarters, the longest since World War 2. Indicates that economic recovery is dependent on the housing and financial markets stabilising, which is expected to happen later in 2009. | ||
| 521 | _aAdvanced | ||
| 590 | _aKA | ||
| 651 | 4 |
_aUnited States _y1959- |
|
| 690 | _aPROPERTY-COMMERCIAL PROPERTY-COMMERCIAL PROPERTY MARKET | ||
| 700 | 1 | _aSymes, Alex | |
| 856 | 4 | 0 |
_uhttps://www.rreef.com/cps/rde/xchg/ai_en/hs.xsl/3179.html _zView the report free of charge at www.rreef.com... |
| 942 | _n0 | ||
| 999 |
_c109389 _d109389 |
||